| 000 | 00682 a2200253 4500 | ||
|---|---|---|---|
| 260 | _aParis | ||
| 630 | _a65 - Gestion et organisation de lindustrie, du commerce, de la communication et des transports | ||
| 037 | _bLP | ||
| 650 | _a6 - SCIENCES APPLIQUEES | ||
| 260 | _bMaxima | ||
| 260 | _bNouveaux Horizons | ||
| 245 | _aMBA Stratégie : Les Paramètres essentiels de la gestion stratégique des entreprises | ||
| 300 | _a391p | ||
| 650 | _agestion : entreprise | ||
| 260 | _c1997 | ||
| 300 | _b25 cm | ||
| 100 | _lFr. | ||
| 037 | _aDe 8924 | ||
| 700 | _aDir, Fahey, L. | ||
| 700 | _aDir, Randall, R. | ||
| 020 | _a2.84001.092.5 | ||
| 999 |
_c40985 _d40985 |
||